[Event "Women's Speed Chess Q4"]
[Site "chess.com INT"]
[Date "2020.06.21"]
[Round "7"]
[White "Kazarian, Anna-Maja"]
[Black "Kiseleva, A."]
[Result "1-0"]
[WhiteElo "2096"]
[BlackElo "2024"]
[PlyCount "57"]
[EventDate "2020.06.21"]
[EventType "swiss (blitz)"]
[EventRounds "9"]
[SourceTitle "Updates"]
[Source "OMOTB"]
[SourceDate "2020.10.26"]
[SourceVersion "3"]
[SourceVersionDate "2020.10.27"]
[SourceQuality "2"]

1. e4 c5 2. Nf3 d6 3. d4 cxd4 4. Nxd4 Nf6 5. Nc3 Nc6 6. Be2 e5 7. Nb3 Be7 8.
O-O O-O 9. f4 a5 10. a4 Qb6+ 11. Kh1 Be6 12. f5 Bxb3 13. cxb3 Nb4 14. Bc4 Rfd8
15. Qe2 Nc6 16. h3 Nd4 17. Qf2 Qb4 18. Ra3 h6 19. Be3 d5 20. exd5 Bc5 21. Nb5
Ne4 22. Qh4 Nxb5 23. axb5 Bxe3 24. Qxe4 Bf4 25. f6 g6 26. d6 Kf8 27. Rxf4 exf4
28. Qe7+ Kg8 29. Qxf7+ 1-0

[Event "Women's Speed Chess Q2"]
[Site "chess.com INT"]
[Date "2020.06.19"]
[Round "12"]
[White "Nikulina, A."]
[Black "Zakirova, Aisha"]
[Result "0-1"]
[WhiteElo "1887"]
[BlackElo "1585"]
[PlyCount "44"]
[EventDate "2020.06.19"]
[EventType "swiss (blitz)"]
[EventRounds "13"]
[SourceTitle "Updates"]
[Source "OMOTB"]
[SourceDate "2020.10.26"]
[SourceVersion "3"]
[SourceVersionDate "2020.10.27"]
[SourceQuality "2"]

1. e4 c5 2. Nf3 d6 3. d4 cxd4 4. Nxd4 Nf6 5. Nc3 Nc6 6. Be2 e5 7. Nb3 Be7 8.
O-O O-O 9. f4 exf4 10. Bxf4 Be6 11. Nd4 Qb6 12. Be3 Nxd4 13. Bh5 Nxh5 14. Bxd4
Qb4 15. a3 Qa5 16. Nd5 Bf6 17. Bxf6 Nxf6 18. Rxf6 Bxd5 19. exd5 gxf6 20. Qd4
Qc5 21. Qxc5 dxc5 22. c4 Rfe8 0-1

[Event "Women's Speed Chess Q2"]
[Site "chess.com INT"]
[Date "2020.06.19"]
[Round "4"]
[White "Zozulia, A."]
[Black "De Seroux, C."]
[Result "1-0"]
[WhiteElo "2258"]
[BlackElo "2137"]
[PlyCount "73"]
[EventDate "2020.06.19"]
[EventType "swiss (blitz)"]
[EventRounds "13"]
[SourceTitle "Updates"]
[Source "OMOTB"]
[SourceDate "2020.10.26"]
[SourceVersion "3"]
[SourceVersionDate "2020.10.27"]
[SourceQuality "2"]

1. e4 c5 2. Nf3 d6 3. d4 cxd4 4. Nxd4 Nf6 5. Nc3 Nc6 6. Be2 e5 7. Nb3 Be7 8.
O-O O-O 9. f4 a5 10. a4 Nb4 11. Kh1 exf4 12. Bxf4 d5 13. e5 Ne4 14. Nd4 Bg5 15.
Bxg5 Qxg5 16. Nf3 Qe3 17. Nxe4 dxe4 18. Nd4 Rd8 19. c3 Nd3 20. Bxd3 exd3 21.
Re1 Qf2 22. Qxd3 Qxb2 23. Rab1 Qa2 24. Rf1 Be6 25. Qf3 Bd5 26. Qg3 Qxa4 27. Nf5
g6 28. Ne7+ Kf8 29. Nxd5 Rxd5 30. Rxb7 Rd7 31. Qf3 Rad8 32. e6 Rxb7 33. Qxb7
Qe8 34. Rxf7+ Kg8 35. Rg7+ Kf8 36. e7+ Kxg7 37. exd8=Q+ 1-0

[Event "Women's Speed Chess Q1"]
[Site "chess.com INT"]
[Date "2020.06.18"]
[Round "8"]
[White "Singgih, Diajeng Theresa"]
[Black "Schulze, Lara"]
[Result "0-1"]
[WhiteElo "1972"]
[BlackElo "2314"]
[PlyCount "114"]
[EventDate "2020.06.18"]
[EventType "swiss (blitz)"]
[EventRounds "9"]
[SourceTitle "Updates"]
[Source "OMOTB"]
[SourceDate "2020.10.26"]
[SourceVersion "3"]
[SourceVersionDate "2020.10.27"]
[SourceQuality "2"]

1. e4 c5 2. Nf3 d6 3. d4 cxd4 4. Nxd4 Nf6 5. Nc3 Nc6 6. Be2 e5 7. Ndb5 a6 8.
Na3 b5 9. Nd5 Nd4 10. Nxf6+ Qxf6 11. O-O Be7 12. c3 Nxe2+ 13. Qxe2 O-O 14. f4
exf4 15. Bxf4 Qg6 16. Nc2 Be6 17. Qe3 Rfe8 18. Rad1 Bc4 19. Rf3 Bf8 20. Rd4
Bxa2 21. Rg3 Qe6 22. Qf3 Bb1 23. Ne3 Bxe4 24. Qh5 Bg6 25. Qg5 Be7 26. Qd5 Qxd5
27. Nxd5 Bd8 28. Bxd6 Rc8 29. h4 h5 30. Kh2 Re4 31. Be7 Rxd4 32. cxd4 Kh7 33.
Bd6 Rc6 34. Be7 Bxe7 35. Nxe7 Rd6 36. d5 Be4 37. Re3 f5 38. Rc3 Rd7 39. Nc6
Rxd5 40. Nb4 Rd2 41. Rg3 a5 42. Na6 Rxb2 43. Nc5 a4 44. Ne6 g6 45. Nf8+ Kg7 46.
Nxg6 Kf6 47. Nf4 a3 48. Nxh5+ Ke5 49. Rxa3 b4 50. Ra5+ Kd4 51. Nf4 Ke3 52. Kg3
b3 53. h5 Rb1 54. h6 Rh1 55. Nh3 b2 56. h7 f4+ 57. Kg4 Bxh7 0-1

[Event "Women's Speed Chess Q1"]
[Site "chess.com INT"]
[Date "2020.06.18"]
[Round "7"]
[White "Nikulina, A."]
[Black "Bouah, Denise"]
[Result "0-1"]
[WhiteElo "1887"]
[BlackElo "1770"]
[PlyCount "88"]
[EventDate "2020.06.18"]
[EventType "swiss (blitz)"]
[EventRounds "9"]
[SourceTitle "Updates"]
[Source "OMOTB"]
[SourceDate "2020.10.26"]
[SourceVersion "3"]
[SourceVersionDate "2020.10.27"]
[SourceQuality "2"]

1. e4 c5 2. Nf3 d6 3. d4 cxd4 4. Nxd4 Nc6 5. Nc3 Nf6 6. Be2 e5 7. Nb3 Be7 8.
O-O O-O 9. f4 a5 10. a4 Re8 11. f5 Nb4 12. Be3 d5 13. exd5 Nbxd5 14. Nxd5 Nxd5
15. Qd2 Nxe3 16. Qxe3 Qc7 17. c3 Bd7 18. Kh1 Bc6 19. Nd2 Bc5 20. Qg3 Rad8 21.
f6 g6 22. Nf3 Qd6 23. Ng5 h6 24. Nf3 Qxf6 25. Nd4 Qg5 26. Qxg5 hxg5 27. Nxc6
bxc6 28. Bc4 Re7 29. Rad1 Rxd1 30. Rxd1 Kg7 31. g3 f5 32. Kg2 Kf6 33. Rd8 e4
34. Rc8 Kg7 35. Rxc6 Ba7 36. Kf1 e3 37. Ke2 f4 38. Bd5 Rd7 39. Ra6 Kh6 40. c4
Kh5 41. Rxa5 Kg4 42. Ra6 f3+ 43. Ke1 f2+ 44. Ke2 Re7 0-1

[Event "Titled Tuesday 16th June"]
[Site "chess.com INT"]
[Date "2020.06.16"]
[Round "10"]
[White "Kirichenko, V1."]
[Black "Kanyamarala, Trisha"]
[Result "0-1"]
[WhiteElo "2292"]
[BlackElo "2193"]
[PlyCount "108"]
[EventDate "2020.06.16"]
[EventType "swiss (blitz)"]
[EventRounds "10"]
[SourceTitle "Updates"]
[Source "OMOTB"]
[SourceDate "2020.10.26"]
[SourceVersion "3"]
[SourceVersionDate "2020.10.27"]
[SourceQuality "2"]

1. e4 c5 2. Nf3 d6 3. d4 cxd4 4. Nxd4 Nf6 5. Nc3 Nc6 6. Be2 e5 7. Nf3 h6 8. O-O
Be6 9. b3 Be7 10. Bb2 O-O 11. Re1 a6 12. Bf1 Bg4 13. h3 Bh5 14. Be2 Bg6 15. Nd2
d5 16. exd5 Nxd5 17. Nxd5 Qxd5 18. Bf3 Qc5 19. Nc4 Rad8 20. Qe2 f6 21. Ba3 Nd4
22. Qe3 Qc7 23. Bxe7 Qxe7 24. Be4 Nxc2 25. Bxc2 Bxc2 26. Rac1 Bg6 27. f4 Rd3
28. Qf2 e4 29. f5 Bh5 30. Qf4 Re8 31. Nd6 Qxd6 32. Rxe4 Qxf4 33. Rxf4 Re2 34.
g4 Bf7 35. Rc7 Rg3+ 36. Kf1 Re8 37. Rd4 Rxh3 38. Rdd7 Rf8 39. Rxb7 Rf3+ 40. Kg2
Rf4 41. Kg3 Re4 42. a4 Re3+ 43. Kf4 Rxb3 44. Ra7 Rb4+ 45. Kg3 Rxa4 46. Rab7
Ra3+ 47. Kf2 a5 48. Ke2 a4 49. Ra7 Ra2+ 50. Ke3 a3 51. Rdb7 Re8+ 52. Kf3 Bd5+
53. Kf4 Bxb7 54. Rxb7 Rb2 0-1

[Event "Titled Tuesday 16th June"]
[Site "chess.com INT"]
[Date "2020.06.16"]
[Round "8"]
[White "Womacka, M."]
[Black "Vaishali, R."]
[Result "1/2-1/2"]
[WhiteElo "2435"]
[BlackElo "2393"]
[PlyCount "112"]
[EventDate "2020.06.16"]
[EventType "swiss (blitz)"]
[EventRounds "10"]
[SourceTitle "Updates"]
[Source "OMOTB"]
[SourceDate "2020.10.26"]
[SourceVersion "3"]
[SourceVersionDate "2020.10.27"]
[SourceQuality "2"]

1. e4 c5 2. Nf3 Nc6 3. d4 cxd4 4. Nxd4 Nf6 5. Nc3 d6 6. Be2 e5 7. Nf3 h6 8. O-O
Be7 9. Re1 O-O 10. h3 Be6 11. Bf1 a6 12. Nd5 Nb8 13. c4 Nbd7 14. b3 Nc5 15.
Nxe7+ Qxe7 16. Nd2 Rfd8 17. Bb2 b5 18. Qf3 Qb7 19. cxb5 axb5 20. Qe3 b4 21. f3
Ra7 22. Nc4 Qc6 23. Red1 Rad7 24. Rac1 Bxc4 25. Bxc4 Qa8 26. Ra1 Ne6 27. Qd2 d5
28. exd5 Nxd5 29. Qf2 Ndf4 30. Rxd7 Rxd7 31. Bxe5 Qc6 32. Re1 Nd3 33. Bxd3 Rxd3
34. Kh1 Qd5 35. Qg3 Rd1 36. Rxd1 Qxd1+ 37. Kh2 Qe2 38. Bd6 Qxa2 39. Bxb4 Qxb3
40. Bd6 Qd1 41. Be5 Qd3 42. Qg4 f5 43. Qg6 Qd5 44. f4 Qd7 45. Qxf5 Qf7 46.
Qxf7+ Kxf7 47. g4 Nc5 48. Kg3 g6 49. Kf3 Nd3 50. Ke3 Nc5 51. Kd4 Ne6+ 52. Ke4
h5 53. f5 Ng5+ 54. Ke3 Nxh3 55. fxg6+ Kxg6 56. gxh5+ Kxh5 1/2-1/2

[Event "Titled Tuesday 16th June"]
[Site "chess.com INT"]
[Date "2020.06.16"]
[Round "4"]
[White "Juarez Flores, C."]
[Black "Paiva, Henrique M A Alberg"]
[Result "0-1"]
[WhiteElo "2374"]
[BlackElo "2070"]
[PlyCount "50"]
[EventDate "2020.06.16"]
[EventType "swiss (blitz)"]
[EventRounds "10"]
[SourceTitle "Updates"]
[Source "OMOTB"]
[SourceDate "2020.10.26"]
[SourceVersion "3"]
[SourceVersionDate "2020.10.27"]
[SourceQuality "2"]

1. e4 c5 2. Nf3 d6 3. d4 cxd4 4. Nxd4 Nf6 5. Nc3 Nc6 6. Be2 e5 7. Nb3 Be7 8.
O-O O-O 9. f4 exf4 10. Bxf4 a5 11. a4 Nb4 12. Kh1 Be6 13. Bf3 d5 14. Nd4 dxe4
15. Nxe6 fxe6 16. Nxe4 Qxd1 17. Raxd1 Nxc2 18. Ng5 Nd5 19. Nxe6 Rxf4 20. Nxf4
Nxf4 21. Be4 Ne3 22. Rd7 Nxf1 23. Rxe7 Rd8 24. g3 Rd1 25. gxf4 Ne3# 0-1

[Event "Gladiators May 27th-28th"]
[Site "chess.com INT"]
[Date "2020.05.27"]
[Round "5"]
[White "Efimenko, Z."]
[Black "Baklan, V."]
[Result "1-0"]
[WhiteElo "2602"]
[BlackElo "2587"]
[PlyCount "85"]
[EventDate "2020.05.27"]
[EventType "match (blitz)"]
[EventRounds "1"]
[SourceTitle "Updates"]
[Source "OMOTB"]
[SourceDate "2020.10.26"]
[SourceVersion "3"]
[SourceVersionDate "2020.10.27"]
[SourceQuality "2"]

1. e4 c5 2. Nf3 Nc6 3. d4 cxd4 4. Nxd4 Nf6 5. Nc3 d6 6. Be2 e5 7. Nf3 h6 8. O-O
Be7 9. h3 O-O 10. Re1 b6 11. Nd5 Bb7 12. Bc4 Rc8 13. Nxf6+ Bxf6 14. Bd5 Ba6 15.
c3 Rc7 16. Be3 Ne7 17. Bb3 Bb7 18. Nh2 Ng6 19. Ng4 Bg5 20. Bxg5 hxg5 21. Bd5
Bc8 22. g3 Ne7 23. Bb3 g6 24. Qd2 Nc6 25. Rad1 Rd7 26. Bd5 Nb8 27. f4 gxf4 28.
gxf4 Qh4 29. f5 Kh8 30. Qh6+ Qxh6 31. Nxh6 Kg7 32. Ng4 Rdd8 33. f6+ Kh7 34. Rd3
Nd7 35. b4 b5 36. Red1 Nb6 37. Bb3 Bb7 38. Rxd6 Rc8 39. Nxe5 Rxc3 40. Bxf7 Bxe4
41. R1d4 Re3 42. Rxe4 Rxe4 43. Bxg6+ 1-0

[Event "Gladiators May 27th-28th"]
[Site "chess.com INT"]
[Date "2020.05.27"]
[Round "3"]
[White "Efimenko, Z."]
[Black "Baklan, V."]
[Result "1-0"]
[WhiteElo "2602"]
[BlackElo "2587"]
[PlyCount "79"]
[EventDate "2020.05.27"]
[EventType "match (blitz)"]
[EventRounds "1"]
[SourceTitle "Updates"]
[Source "OMOTB"]
[SourceDate "2020.10.26"]
[SourceVersion "3"]
[SourceVersionDate "2020.10.27"]
[SourceQuality "2"]

1. e4 c5 2. Nf3 Nc6 3. d4 cxd4 4. Nxd4 Nf6 5. Nc3 d6 6. Be2 e5 7. Nf3 h6 8. O-O
Be7 9. h3 O-O 10. Re1 b6 11. Bf1 Bb7 12. Nd5 Nxd5 13. exd5 Nb4 14. c4 a5 15.
Bd2 Na6 16. a3 Nc7 17. b4 b5 18. cxb5 axb4 19. Bxb4 Nxd5 20. Bd2 Kh8 21. a4 f5
22. a5 e4 23. Nd4 Qd7 24. a6 Bc8 25. Nc6 Bf6 26. Rc1 Qf7 27. Nb4 Be6 28. Nxd5
Bxd5 29. b6 Bd4 30. Be3 Be5 31. b7 Rae8 32. Bd4 f4 33. Bxe5 dxe5 34. Rc5 Bxb7
35. axb7 Qxb7 36. Qd5 Qb6 37. Rxe4 Rd8 38. Qxe5 Rd1 39. Rb5 Qc6 40. Re1 1-0

[Event "Euro Online U2300 Day 2"]
[Site "chess.com INT"]
[Date "2020.05.26"]
[Round "2"]
[White "Jakubowska, Anna"]
[Black "Toczek, G."]
[Result "1-0"]
[WhiteElo "2073"]
[BlackElo "2271"]
[PlyCount "115"]
[EventDate "2020.05.26"]
[EventType "swiss (rapid)"]
[EventRounds "8"]
[SourceTitle "Updates"]
[Source "OMOTB"]
[SourceDate "2020.10.26"]
[SourceVersion "3"]
[SourceVersionDate "2020.10.27"]
[SourceQuality "2"]

1. e4 c5 2. Nf3 Nc6 3. d4 cxd4 4. Nxd4 Nf6 5. Nc3 d6 6. Be2 e5 7. Nf3 h6 8. Be3
Be7 9. O-O O-O 10. h3 Be6 11. Qd2 Rc8 12. Rfd1 a6 13. a4 Na5 14. Qe1 Nc4 15.
Bxc4 Rxc4 16. Nxe5 Rc8 17. a5 Qe8 18. Nf3 Bd7 19. Nd4 Bd8 20. Bf4 Bc7 21. Qe3
Qd8 22. Nb3 Qe7 23. Qf3 Be6 24. Nd4 Bd7 25. Re1 Qd8 26. Nb3 Bc6 27. Rad1 Re8
28. Nd4 Bd7 29. Nf5 Bxf5 30. exf5 Rxe1+ 31. Rxe1 Bxa5 32. Qxb7 Rb8 33. Qf3 Rxb2
34. Rd1 Qc8 35. Ne2 Qxf5 36. Rxd6 Qxc2 37. Nd4 Qb1+ 38. Kh2 Bc7 39. Rxf6 gxf6
40. Bxc7 Qg6 41. Nf5 Kh7 42. Bg3 Rb5 43. Ne3 a5 44. Nd5 Kg7 45. Bh4 f5 46. Bf6+
Kh7 47. Bc3 Qd6+ 48. Nf4 a4 49. Qg3 f6 50. Qe3 Rb7 51. g3 a3 52. Nh5 Rf7 53.
Qe8 Qe7 54. Nxf6+ Kg6 55. Qg8+ Rg7 56. Qb3 Qc5 57. Kg1 Rd7 58. Nxd7 1-0

[Event "C'Chartres Showmatch 1"]
[Site "Europe-Echecs INT"]
[Date "2020.05.25"]
[Round "5"]
[White "Guliyev, N."]
[Black "Edouard, R."]
[Result "1-0"]
[WhiteElo "2529"]
[BlackElo "2649"]
[PlyCount "81"]
[EventDate "2020.05.25"]
[EventType "match (blitz)"]
[EventRounds "8"]
[SourceTitle "Updates"]
[Source "OMOTB"]
[SourceDate "2020.10.26"]
[SourceVersion "3"]
[SourceVersionDate "2020.10.27"]
[SourceQuality "2"]

1. e4 c5 2. Nf3 d6 3. d4 cxd4 4. Nxd4 Nf6 5. Nc3 Nc6 6. Be2 e5 7. Nf3 h6 8. O-O
Be6 9. Re1 a6 10. Bf1 b5 11. a4 b4 12. Nd5 Be7 13. c4 bxc3 14. bxc3 Bxd5 15.
exd5 Nb8 16. Ba3 Nbd7 17. c4 Qa5 18. Rb1 Qc7 19. Nxe5 Nxe5 20. Rxe5 dxe5 21. d6
Qd7 22. dxe7 Qxd1 23. Rxd1 Ng8 24. Re1 f6 25. f4 Nxe7 26. fxe5 f5 27. Bd6 Nc8
28. c5 Nxd6 29. exd6+ Kd7 30. Re7+ Kc6 31. Rc7+ Kd5 32. g4 Rac8 33. Bg2+ Ke5
34. Bb7 Rcd8 35. gxf5 Kxf5 36. Bxa6 Rhe8 37. Bd3+ Kf4 38. d7 Re3 39. Bf1 Ke5
40. c6 Rc3 41. Rc8 1-0

[Event "ch-FRA Blitz Online Qual"]
[Site "Europe-Chess INT"]
[Date "2020.05.16"]
[Round "15"]
[White "Tokhirjonova, Gulrukhbegim"]
[Black "Efimov, Ig"]
[Result "0-1"]
[WhiteElo "2378"]
[BlackElo "2409"]
[PlyCount "104"]
[EventDate "2020.05.16"]
[EventType "swiss (blitz)"]
[EventRounds "15"]
[SourceTitle "Updates"]
[Source "OMOTB"]
[SourceDate "2020.10.26"]
[SourceVersion "3"]
[SourceVersionDate "2020.10.27"]
[SourceQuality "2"]

1. e4 c5 2. Nf3 Nc6 3. d4 cxd4 4. Nxd4 Nf6 5. Nc3 d6 6. Be2 e5 7. Nf3 h6 8. h3
Be6 9. Be3 Be7 10. Qd2 O-O 11. Rd1 Rc8 12. O-O a6 13. Rfe1 b5 14. a3 Na5 15.
Qc1 Nc4 16. Bxc4 Rxc4 17. Nd2 Rc6 18. Ne2 d5 19. exd5 Nxd5 20. Ne4 Qc7 21. N4c3
Nxe3 22. Qxe3 Bg5 23. Qf3 f5 24. Nd5 Qc8 25. Nec3 e4 26. Qe2 Rd8 27. Nb4 Rcd6
28. Rxd6 Rxd6 29. Rd1 Bc4 30. Qe1 Qd7 31. Rxd6 Qxd6 32. Qd1 Qxd1+ 33. Nxd1 a5
34. Nc6 a4 35. Na5 Be6 36. Nc3 Bc1 37. Nxb5 Bxb2 38. c4 Kf8 39. c5 Ke7 40. c6
Be5 41. Nb7 Bd5 42. Na5 f4 43. Kf1 g5 44. Ke1 h5 45. Kd2 g4 46. hxg4 hxg4 47.
Nc3 Bxc3+ 48. Kxc3 f3 49. gxf3 e3 50. Kd3 exf2 51. Ke2 g3 52. f4 Bg2 0-1

[Event "ch-FRA Blitz Online Qual"]
[Site "Europe-Chess INT"]
[Date "2020.05.16"]
[Round "13"]
[White "Nineuil, V."]
[Black "Guadalpi, D."]
[Result "1-0"]
[WhiteElo "1920"]
[BlackElo "2272"]
[PlyCount "69"]
[EventDate "2020.05.16"]
[EventType "swiss (blitz)"]
[EventRounds "15"]
[SourceTitle "Updates"]
[Source "OMOTB"]
[SourceDate "2020.10.26"]
[SourceVersion "3"]
[SourceVersionDate "2020.10.27"]
[SourceQuality "2"]

1. e4 c5 2. Nf3 Nc6 3. d4 cxd4 4. Nxd4 Nf6 5. Nc3 d6 6. Be2 e5 7. Nb3 Be7 8.
O-O O-O 9. Be3 Be6 10. Nd5 Nxe4 11. c4 f5 12. Nd2 Nxd2 13. Bxd2 Rc8 14. b4 Nd4
15. Be3 Bxd5 16. cxd5 Nc2 17. Rb1 Nxe3 18. fxe3 Qb6 19. Qd2 Bg5 20. Rb3 f4 21.
Kh1 fxe3 22. Qd3 Rxf1+ 23. Bxf1 Qc7 24. Qf5 Rf8 25. Qd3 Qc1 26. Rb1 Qd2 27. Qe2
h6 28. Qg4 Qf2 29. Be2 Qh4 30. Qe6+ Kh7 31. g3 Qe4+ 32. Kg1 Qxb1+ 33. Kg2 Qe4+
34. Kg1 Qc2 35. Qxd6 1-0

[Event "ch-FRA Blitz Online Qual"]
[Site "Europe-Chess INT"]
[Date "2020.05.16"]
[Round "12"]
[White "Blachon, P."]
[Black "De Seroux, C."]
[Result "0-1"]
[WhiteElo "1955"]
[BlackElo "2137"]
[PlyCount "66"]
[EventDate "2020.05.16"]
[EventType "swiss (blitz)"]
[EventRounds "15"]
[SourceTitle "Updates"]
[Source "OMOTB"]
[SourceDate "2020.10.26"]
[SourceVersion "3"]
[SourceVersionDate "2020.10.27"]
[SourceQuality "2"]

1. e4 c5 2. Nf3 d6 3. d4 cxd4 4. Nxd4 Nf6 5. Nc3 Nc6 6. Be2 e5 7. Nb3 Be7 8.
O-O O-O 9. f4 a5 10. a4 Nb4 11. Bf3 Be6 12. f5 Nxc2 13. fxe6 Nxa1 14. exf7+
Rxf7 15. Nxa1 Rc8 16. Nc2 Nd7 17. Ne3 Nc5 18. Ned5 Bf8 19. Bg4 Rxf1+ 20. Qxf1
Rc6 21. Be3 Be7 22. Bxc5 Rxc5 23. Be6+ Kh8 24. Qf7 Bg5 25. Qxb7 Rc4 26. g3 Rd4
27. h4 Bd2 28. Qb5 Qf8 29. Kg2 Bxc3 30. Nxc3 Rd2+ 31. Kh3 g6 32. Qa6 Qf3 33.
Qc8+ Kg7 0-1

[Event "ch-FRA Blitz Online Qual"]
[Site "Europe-Chess INT"]
[Date "2020.05.16"]
[Round "12"]
[White "Monnot, Leo"]
[Black "Choukri, A."]
[Result "0-1"]
[WhiteElo "1964"]
[BlackElo "2311"]
[PlyCount "114"]
[EventDate "2020.05.16"]
[EventType "swiss (blitz)"]
[EventRounds "15"]
[SourceTitle "Updates"]
[Source "OMOTB"]
[SourceDate "2020.10.26"]
[SourceVersion "3"]
[SourceVersionDate "2020.10.27"]
[SourceQuality "2"]

1. e4 c5 2. Nf3 d6 3. d4 cxd4 4. Nxd4 Nf6 5. Nc3 Nc6 6. Be2 e5 7. Nf3 Be7 8.
O-O O-O 9. Re1 Be6 10. Bf1 Rc8 11. Nd5 Re8 12. b3 Bxd5 13. exd5 Nb8 14. Bb2
Nbd7 15. c4 a6 16. Rc1 g6 17. Nd2 Bf8 18. Ne4 Nxe4 19. Rxe4 f5 20. Re1 Bg7 21.
Ba3 Nc5 22. b4 Ne4 23. c5 Bh6 24. Rb1 Nc3 25. Qb3 Nxb1 26. Rxb1 e4 27. Rd1 e3
28. fxe3 Rxe3 29. Rd3 Qe7 30. cxd6 Qe5 31. d7 Rd8 32. d6+ Kf8 33. Bc1 f4 34.
Bxe3 fxe3 35. Rd5 Qf6 36. Qd3 Rxd7 37. b5 axb5 38. Qxb5 Rxd6 39. Rxd6 Qxd6 40.
Qxb7 Qc5 41. Qf3+ Ke7 42. Qb7+ Kf6 43. Qf3+ Ke5 44. Qe2 Bf4 45. a4 Qc1 46. a5
Qa1 47. a6 Kf5 48. g3 Be5 49. Qf3+ Ke6 50. Qc6+ Kf7 51. Qb7+ Kf6 52. a7 e2 53.
Qf3+ Kg7 54. a8=Q exf1=Q+ 55. Qxf1 Qxa8 56. Qe2 Bd4+ 57. Kf1 Qh1# 0-1

[Event "ch-FRA Blitz Online Qual"]
[Site "Europe-Chess INT"]
[Date "2020.05.16"]
[Round "12"]
[White "Muminova, N."]
[Black "Le Pen, S."]
[Result "0-1"]
[WhiteElo "2274"]
[BlackElo "2141"]
[PlyCount "94"]
[EventDate "2020.05.16"]
[EventType "swiss (blitz)"]
[EventRounds "15"]
[SourceTitle "Updates"]
[Source "OMOTB"]
[SourceDate "2020.10.26"]
[SourceVersion "3"]
[SourceVersionDate "2020.10.27"]
[SourceQuality "2"]

1. e4 c5 2. Nf3 d6 3. d4 cxd4 4. Nxd4 Nf6 5. Nc3 Nc6 6. Be2 e5 7. Nf3 h6 8. O-O
Be7 9. Be3 O-O 10. h3 Be6 11. Qd2 d5 12. exd5 Nxd5 13. Nxd5 Qxd5 14. Qxd5 Bxd5
15. c4 Be6 16. a3 Rfd8 17. b4 f5 18. Rfd1 Bf6 19. Rac1 e4 20. Nd2 Bb2 21. Rb1
Bxa3 22. b5 Nd4 23. Bf1 g5 24. Nxe4 Nc2 25. Nxg5 hxg5 26. Bxg5 Rxd1 27. Rxd1
Rc8 28. Rd2 Nb4 29. Rd4 Bb2 30. Rh4 Bg7 31. Be7 Nc2 32. c5 Nd4 33. Bd3 Bf8 34.
Bf6 Nb3 35. g4 Nxc5 36. gxf5 Bd5 37. Be2 Ne4 38. Bd4 Rc1+ 39. Kh2 Bd6+ 40. f4
Rc2 41. Rh8+ Kf7 42. Kg1 Rxe2 43. Rh7+ Ke8 44. Rh8+ Bf8 45. Bg7 Kf7 46. Bxf8
Ng3 47. Bc5 Rg2# 0-1

[Event "ch-FRA Blitz Online Qual"]
[Site "Europe-Chess INT"]
[Date "2020.05.16"]
[Round "7"]
[White "Tokhirjonova, Gulrukhbegim"]
[Black "Demuth, A."]
[Result "0-1"]
[WhiteElo "2378"]
[BlackElo "2492"]
[PlyCount "126"]
[EventDate "2020.05.16"]
[EventType "swiss (blitz)"]
[EventRounds "15"]
[SourceTitle "Updates"]
[Source "OMOTB"]
[SourceDate "2020.10.26"]
[SourceVersion "3"]
[SourceVersionDate "2020.10.27"]
[SourceQuality "2"]

1. e4 c5 2. Nf3 d6 3. d4 cxd4 4. Nxd4 Nf6 5. Nc3 Nc6 6. Be2 e5 7. Nf3 h6 8. Be3
Be7 9. h3 a6 10. Qd2 O-O 11. O-O b5 12. a3 Bb7 13. Rad1 Rc8 14. Rfe1 Na5 15.
Bd3 Nc4 16. Qc1 Nxa3 17. bxa3 Rxc3 18. Qb2 Rc8 19. a4 Bxe4 20. Bxe4 Nxe4 21.
axb5 axb5 22. Bxh6 Nc3 23. Rd3 Na4 24. Qxb5 Nc5 25. Rd5 Qc7 26. Be3 Ne4 27. Qd3
Qxc2 28. Qxc2 Rxc2 29. Bb6 Nc3 30. Ra5 Ne2+ 31. Kh2 Nf4 32. g3 Nd3 33. Rf1 Rb8
34. Be3 Bf6 35. Rd5 Rb3 36. Rxd6 Nxf2 37. Rxf2 Rxf2+ 38. Bxf2 Rxf3 39. Kg2 Rb3
40. g4 Rb2 41. Kf1 Bg5 42. Rd5 f6 43. h4 Bf4 44. g5 Kf7 45. gxf6 gxf6 46. h5
Rb8 47. Ra5 Rh8 48. Ra7+ Ke6 49. Ra6+ Kf5 50. Bh4 Bg5 51. Bxg5 Kxg5 52. Kg2
Rxh5 53. Kg3 Kf5 54. Ra8 Rg5+ 55. Kf3 e4+ 56. Ke3 Rg3+ 57. Kd4 Rd3+ 58. Kc4 Kf4
59. Ra1 f5 60. Rf1+ Ke5 61. Re1 Rd8 62. Kc3 f4 63. Ra1 f3 0-1

[Event "ch-FRA Blitz Online Qual"]
[Site "Europe-Chess INT"]
[Date "2020.05.16"]
[Round "3"]
[White "Guliyev, N."]
[Black "Derige Kane, Yan"]
[Result "1-0"]
[WhiteElo "2529"]
[BlackElo "2236"]
[PlyCount "82"]
[EventDate "2020.05.16"]
[EventType "swiss (blitz)"]
[EventRounds "15"]
[SourceTitle "Updates"]
[Source "OMOTB"]
[SourceDate "2020.10.26"]
[SourceVersion "3"]
[SourceVersionDate "2020.10.27"]
[SourceQuality "2"]

1. e4 c5 2. Nf3 Nc6 3. d4 cxd4 4. Nxd4 Nf6 5. Nc3 d6 6. Be2 e5 7. Nf3 Be7 8.
O-O O-O 9. Bg5 Be6 10. Bxf6 Bxf6 11. Nd5 Bg5 12. Bc4 Rc8 13. Bb3 Bg4 14. h3 Be6
15. Qe2 a6 16. Rfd1 Kh8 17. Rd3 f5 18. Nc3 Bxb3 19. cxb3 Nb4 20. Rdd1 Qf6 21.
a3 Nc6 22. exf5 Rcd8 23. Ne4 Qxf5 24. Nexg5 h6 25. Ne4 d5 26. Ng3 Qf6 27. Qd2
e4 28. Nd4 Ne5 29. Qe3 Rf7 30. Rd2 Nd3 31. Rad1 Rdf8 32. f3 Qg6 33. fxe4 dxe4
34. Qxe4 Qxg3 35. Rxd3 Qf2+ 36. Kh2 Rf4 37. Qe2 Qh4 38. Nf3 Qf6 39. Rd6 Qf5 40.
Rd8 Kh7 41. Qd3 Qxd3 1-0

[Event "Isolated Queens Swiss II"]
[Site "chess.com INT"]
[Date "2020.05.02"]
[Round "8"]
[White "Ambartsumova, K."]
[Black "Koridze, Lile"]
[Result "1-0"]
[WhiteElo "2371"]
[BlackElo "1996"]
[PlyCount "51"]
[EventDate "2020.05.02"]
[EventType "swiss"]
[EventRounds "10"]
[SourceTitle "Updates"]
[Source "OMOTB"]
[SourceDate "2020.10.26"]
[SourceVersion "3"]
[SourceVersionDate "2020.10.27"]
[SourceQuality "2"]

1. e4 c5 2. Nf3 d6 3. d4 cxd4 4. Nxd4 Nf6 5. Nc3 Nc6 6. Be2 e5 7. Nf3 Be7 8.
O-O O-O 9. Bg5 Be6 10. Bxf6 Bxf6 11. Nd5 Rc8 12. c3 Be7 13. Qd2 f5 14. exf5
Bxf5 15. Rad1 e4 16. Nxe7+ Qxe7 17. Nd4 Bg6 18. Bg4 Nxd4 19. Bxc8 Nf3+ 20. gxf3
exf3 21. Qxd6 Qxd6 22. Rxd6 Rxc8 23. Rfd1 Rc4 24. R1d4 Rc5 25. Rf4 h6 26. Rxg6
1-0